La comédie humaine. (Record no. 192980)
[ view plain ]
| 000 -LEADER | |
|---|---|
| campo de control de longitud fija | 01221nam a2200289 i 4500 |
| 001 - NÚMERO DE CONTROL | |
| campo de control | 192980 |
| 003 - IDENTIFICADOR DE NÚMERO DE CONTROL | |
| campo de control | ES-MaACL |
| 005 - FECHA Y HORA DE LA ÚLTIMA TRANSACCIÓN | |
| campo de control | 20250927121605.0 |
| 007 - CAMPO FIJO DE DESCRIPCIÓN FÍSICA--INFORMACIÓN GENERAL | |
| campo de control de longitud fija | ta |
| 008 - DATOS DE LONGITUD FIJA--INFORMACIÓN GENERAL | |
| campo de control de longitud fija | 230714s1951 fr |||| | fre d |
| 040 ## - FUENTE DE CATALOGACIÓN | |
| Centro/agencia transcriptor | ES-MaACL |
| Lengua de catalogación | spa |
| 100 1# - ENTRADA PRINCIPAL--NOMBRE DE PERSONA | |
| Nombre de persona | Balzac, Honoré de, |
| Fechas asociadas al nombre | 1799-1850 |
| 9 (RLIN) | 25139 |
| 245 13 - MENCIÓN DEL TÍTULO | |
| Título | La comédie humaine. |
| Número de parte o sección de la obra | II, |
| Nombre de parte o sección de la obra | Études des moeurs. Scènes de la vie privée. II / |
| Mención de responsabilidad, etc. | Balzac ; texte établi et préfacé par Marcel Bouteron. |
| 260 ## - PUBLICACIÓN, DISTRIBUCIÓN, ETC. | |
| Lugar de publicación, distribución, etc. | [Paris] : |
| Nombre del editor, distribuidor, etc. | Éd. de la Nouvelle Revue française, |
| Fecha de publicación, distribución, etc. | DL 1951. |
| 300 ## - DESCRIPCIÓN FÍSICA | |
| Extensión | 1172 p. ; |
| Dimensiones | 18 cm. |
| 336 ## - TIPO DE CONTENIDO | |
| Fuente | rdacontent |
| Término de tipo de contenido | Texto |
| 337 ## - TIPO DE MEDIO | |
| Fuente | rdamedia |
| Nombre/término del tipo de medio | sin mediación |
| 338 ## - TIPO DE SOPORTE | |
| Fuente | rdacarrier |
| Nombre/término del tipo de soporte | volumen |
| 490 1# - MENCIÓN DE SERIE | |
| Mención de serie | Bibliothèque de la Pléiade ; |
| Designación de volumen o secuencia | 27 |
| 505 ## - NOTA DE CONTENIDO CON FORMATO | |
| Nota de contenido con formato | Contiene: La fausse maitresse ; Une fille d'eve ; Le message ; La grenadière ; La femme abandonnée ; Honorine ; Béatrix ; Gobseck ; La Femme de Trente ans ; Le père Goriot ; Le colonel Chabert ; La messe de l'athée |
| 700 1# - ENTRADA AGREGADA--NOMBRE PERSONAL | |
| Nombre de persona | Bouteron, Marcel, |
| Fechas asociadas al nombre | 1877-1962 |
| 9 (RLIN) | 160767 |
| 830 0# - PUNTO DE ACCESO ADICIONAL DE SERIE-TÍTULO UNIFORME | |
| Título uniforme | Bibliothèque de la Pléiade ; |
| Designación de volumen o secuencia | 27 |
| 9 (RLIN) | 180233 |
| 852 ## - LOCALIZACIÓN | |
| Ubicación | ES-MaACL |
| Número de control de estantería | E-5147 |
| 942 ## - ELEMENTOS DE ENTRADA SECUNDARIOS (KOHA) | |
| Tipo de ítem Koha | Libro impreso |
| Suprimir en OPAC | No |
| Estatus retirado | Estado de pérdida | Fuente del sistema de clasificación o colocación | Estado de daño | No para préstamo | Biblioteca de origen | Biblioteca actual | Ubicación en estantería | Fecha de adquisición | Fuente de adquisición | Total de préstamos | Signatura topográfica completa | Código de barras | Visto por última vez | Precio de reemplazo | Tipo de ítem Koha |
|---|---|---|---|---|---|---|---|---|---|---|---|---|---|---|---|
| Clasificación decimal universal | Biblioteca del Ateneo de Madrid | Biblioteca del Ateneo de Madrid | Depósito 2 | 07/09/2016 | Compra | E-5147 | 101205576 | 14/07/2023 | 14/07/2023 | Libro impreso |
